000 00345nam a2200145Ia 4500
008 191201s2009 xx 000 0 und d
082 _a004
_bJAF
100 _aJAIN,VK
245 0 _aFundamentals of Information Technology
250 _aRep
260 _aN.Delhi
_bS.K.Kataria
_c2009
300 _a379
650 _aB.Tech(IT)
942 _2ddc
_cBK
999 _c4251
_d4251